000 01391nam a2200361 i 4500
001 bg
003 BPK
005 20190725111811.0
008 990808s1998 pl f |000 0 pol
020 _a837017616X
040 _cBPK
041 0 _apl
080 _a330.101.54
080 _a005.311.6
080 _a(075.8+076)
100 1 _aKamińska, Teresa
_d(1950- ).
245 1 0 _aTeoria podejmowania decyzji przez podmioty rynkowe :
_bwybrane problemy z mikroekonomii /
_cTeresa Kamińska, Barbara Kubska-Maciejewicz, Janina Laudańska-Trynka.
246 1 _iTyt. okł. :
_aWybrane problemy z mikroekonomii :
_bzadania
250 _aWyd. 2 popr. i uzup.
260 _aGdańsk :
_bWydaw. Uniwersytetu Gdańskiego,
_c1998.
300 _a169 s. :
_brys., wykr. ;
_c24 cm.
500 _aTyt. okł. : "Wybrane problemy z mikroekonomii : zadania".
500 _aNa okł. nazwisko autora : Agata Krysińska.
650 4 _aDecyzje
_xgospodarka.
655 4 _aĆwiczenia i zadania dla szkół wyższych
650 4 _aMikroekonomia
700 1 _aKubska-Maciejewicz, Barbara.
700 1 _aLaudańska-Trynka, Janina.
700 1 _aKrysińska, Agata.
710 2 _aUniwersytet Gdański.
_bWydawnictwo.
_dpbl.
856 _uhttp://koha.tu.koszalin.pl/cgi-bin/koha/opac-detail.pl?biblionumber=33274
_yKatalog online BPK
942 _cKS
_2UKD
999 _c33274
_d33274